000 00633nam a2200181 i 4500
001 103836
003 ES-MaACL
005 20230906183444.0
007 t|
008 051118s1950 cu ||||1| spa d
100 1 _aMesa Rodríguez, Manuel I.
_980641
245 1 0 _aTres retratos de Luz y Caballero /
_cdiscurso leído por el... Prof. Manuel I. Mesa Rodríguez...
260 _aLa Habana :
_b[s.n.],
_c1950 (
_fImp. El Siglo XX)
300 _a38 p., 3 lám. ;
_c25 cm.
500 _aPrecede al tít.: Academia de la Historia de Cuba.
710 2 _aAcademia de la Historia de Cuba.
_91183
852 _aES-MaACL
_j1917-F-8
_bR.30868
999 _c103836
_d103836